[Event "Seville op 39th"]
[Site "Seville"]
[Date "2014.01.18"]
[Round "9"]
[White "Munoz Gonzalo, David"]
[Black "Montero Melendez, Rafael"]
[Result "0-1"]
[WhiteElo "1857"]
[BlackElo "2350"]
[PlyCount "80"]
[EventDate "2014.01.10"]
[EventType "swiss"]
[EventRounds "9"]
[EventCountry "ESP"]
[SourceTitle "CBM 158 Extra"]
[Source "ChessBase"]
[SourceDate "2014.02.28"]
[SourceVersion "1"]
[SourceVersionDate "2014.02.28"]
[SourceQuality "1"]

1. Nf3 Nf6 2. d4 c5 3. c4 cxd4 4. Nxd4 b6 5. Nc3 Bb7 6. Bf4 a6 7. Qc2 d6 8. Nf3 Qc7 9. e4 Nbd7 10. Nd5 Nxd5 11. exd5 Bxd5 12. Qf5 Bxf3 13. gxf3 Nf6 14. Rc1 g6 15. Qd3 Bg7 16. c5 bxc5 17. b4 Nh5 18. Be3 0-0 19. bxc5 d5 20. Qxd5 Rfd8 21. Qc4 Qa5+ 22. Ke2 Rab8 23. c6 Rb4 24. c7 Rb2+ 25. Rc2 Rxc2+ 26. Qxc2 Rc8 27. Kd1 Rxc7 28. Bc4 e6 29. Qb3 Rd7+ 30. Ke2 Qe5 31. Rd1 Nf4+ 32. Kf1 Rxd1+ 33. Qxd1 Nd5 34. Bxa6 Nxe3+ 35. fxe3 Qxe3 36. Qe2 Qc1+ 37. Kg2 Qg5+ 38. Kf1 Bd4 39. Qg2 Qc1+ 40. Ke2 Qc2+ 0-1

[Event "Andalucia-ch U18"]
[Site "Almeria"]
[Date "2011.04.19"]
[Round "6.16"]
[White "Munoz Gonzalo, David"]
[Black "Redondo Benavente, Ana"]
[Result "1-0"]
[WhiteElo "1820"]
[BlackElo "1311"]
[PlyCount "32"]
[EventDate "2011.04.16"]
[EventType "swiss"]
[EventRounds "8"]
[EventCountry "ESP"]
[SourceTitle "EXT 2024"]
[Source "ChessBase"]
[SourceDate "2023.10.10"]
[SourceVersion "1"]
[SourceVersionDate "2023.10.10"]
[SourceQuality "1"]

1. Nf3 Nc6 2. d4 d5 3. g3 Bf5 4. Bg2 e6 5. 0-0 Nf6 6. c4 Be7 7. Nc3 dxc4 8. Qa4 0-0 9. Qxc4 Qd6 10. Bf4 Qd7 11. Rad1 Rac8 12. Ne5 Qe8 13. Nxc6 bxc6 14. Bxc6 Qd8 15. Bb7 Qd7 16. Bxc8 Rxc8 1-0